| 000 | 00561cam a22001815a 4500 | ||
|---|---|---|---|
| 001 | L156344 | ||
| 008 | 120514m18231828fr f 000 0 eng d | ||
| 035 | _a(Sirsi) u156344 | ||
| 041 | 0 | _afre | |
| 100 | 1 |
_aBruyere, L. _q(Louis) _d1758-1831 |
|
| 245 | 0 | 0 |
_aEtudes relatives a l'art des constructions _crecueillies par L. Bruyere |
| 260 |
_aParis _bChez Bance Aine _c1823-1828 |
||
| 300 |
_a2 v. _bill., maps, plans _c54 cm. |
||
| 583 | 0 |
_aCondition reviewed _c20120620 _lcondition level 4 |
|
| 651 | 4 | _aFrance | |
| 690 | _aDesign and specification | ||
| 942 | _n0 | ||
| 999 |
_c114194 _d114194 |
||